| 000 | 00957nam a2200301 a 4500 | ||
|---|---|---|---|
| 001 | 000003682 | ||
| 005 | 20200929150529.0 | ||
| 008 | 090713s1991 sp a 001 0 spa d | ||
| 020 | _a8477748624 | ||
| 040 |
_aDO-SdBNP _bspa _cBNPHU |
||
| 082 |
_a401 _bS317m |
||
| 100 | 1 |
_aScheffler, Israel _911269 |
|
| 240 | 1 | 0 |
_aBeyond the letter _lespañol |
| 245 | 1 | 0 |
_aMás allá de la letra / _cIsrael Scheffer ; traductor José Vericat. |
| 246 | 1 | 0 | _aBeyond the letter |
| 260 |
_aMadrid : _bGráficas Rogar, _c1991. |
||
| 300 |
_a225 p. ; _c23 cm. |
||
| 490 | 0 |
_aLingüística y conocimiento _v13 |
|
| 500 | _aTraducido del inglés | ||
| 500 | _aBibliografía : p. 220-225 | ||
| 650 | 4 |
_aFilosofía del lenguaje _911270 |
|
| 650 | 4 |
_aMetáfora _911271 |
|
| 650 | 4 |
_aLenguaje y lenguas _9407 |
|
| 700 | 1 |
_aVericat, José, _etr. _911272 |
|
| 830 | 0 |
_aLingüística y conocimiento _v13 _911273 |
|
| 910 | _aValidado. Control de calidad BNPHU | ||
| 049 | _aBNPD | ||
| 999 |
_c3504 _d3504 |
||